PAŃSTWA SĄSIADUJĄCE Z NIEMCAMI - Statystyki

Ogólne statystyki
  • Ten quiz został rozwiązany 71 razy
  • Średni wynik to 8 z 9
Statystyki odpowiedzi
Odpowiedź % Poprawnych
Polska
99%
Francja
97%
Holandia
94%
Czechy
93%
Belgia
91%
Dania
88%
Austria
87%
Luksemburg
83%
Szwajcaria
83%
Nie znaleziono quizów pasujących do podanych kryteriów
Rozkład punktacji
Procent ludzi z każdym wynikiem
Percentyl według liczby udzielonych odpowiedzi
Twoja historia wyników
Nie rozwiązałeś tego quizu